LIBRARY & INFORMATION CENTRE, KCAET, TAVANUR

ONLINE PUBLIC ACCESS CATALOGUE (OPAC)

Fruit Culture In India / (Record no. 2869)

MARC details
000 -LEADER
fixed length control field 00548cam a2200217ua 4500
041 ## - LANGUAGE CODE
Language code of text/sound track or separate title eng
082 ## - DEWEY DECIMAL CLASSIFICATION NUMBER
Classification number 634
Item number SHA/FR
100 ## - MAIN ENTRY--AUTHOR NAME
Personal name Sham , Singh .
245 ## - TITLE STATEMENT
Title Fruit Culture In India /
250 ## - EDITION STATEMENT
Edition statement 2 /
260 ## - PUBLICATION, DISTRIBUTION, ETC. (IMPRINT)
Place of publication New Delhi :
Name of publisher Indian Council Of Agricultural Research ,
Year of publication 1967.
300 ## - PHYSICAL DESCRIPTION
Number of Pages 424 ; .
700 1# - ADDED ENTRY--PERSONAL NAME
Personal name Katyal, S L .
700 1# - ADDED ENTRY--PERSONAL NAME
Personal name Krishnamurthi, S .
942 ## - ADDED ENTRY ELEMENTS (KOHA)
Koha item type Books
Holdings
Withdrawn status Lost status Damaged status Home library Current library Date acquired Full call number Accession Number Koha item type Cost, normal purchase price
      KAUAET KAUAET 07/04/2012 634 12591 Books  
      KAUAET KAUAET 07/04/2012 634 12590 Books  
      KAUAET KAUAET 07/04/2012 634 12592 Books  
Withdrawn     KAUAET KAUAET 07/04/2012 634 7323 Books 15.50
Withdrawn Lost and Paid For   KAUAET KAUAET 23/06/2020 634 SHA/FR 7324 Books 15.50
free website counter